Grafy rozmyte i mozliwosci ich wykorzystania w ekonomii
Uložené v:
| Hlavný autor: | |
|---|---|
| Médium: | Kniha |
| Jazyk: | Polish |
| Vydavateľské údaje: |
Kraków
Akademia Ekon.
1990
|
| Vydanie: | 1. wyd. |
| Edícia: | Zeszyty naukowe
Nr.90 |
| Tagy: |
Žiadne tagy, Buďte prvý, kto otaguje tento záznam!
|
MARC
| LEADER | 00000nam a2200000 4500 | ||
|---|---|---|---|
| 001 | c022039 | ||
| 005 | 20221215130123.8 | ||
| 041 | 0 | |a pol | |
| 044 | |a PL | ||
| 245 | 1 | 0 | |a Grafy rozmyte i mozliwosci ich wykorzystania w ekonomii |c Jacek Woloszyn |
| 250 | |a 1. wyd. | ||
| 264 | 1 | |a Kraków |b Akademia Ekon. |c 1990 | |
| 300 | |a 219 s. | ||
| 490 | 1 | |a Zeszyty naukowe |v Nr.90 | |
| 830 | 0 | |a Zeszyty naukowe |v Nr.90 | |
| 100 | 1 | |a Woloszyn, Jacek | |